[Event "Moscow Open A 2016"]
[Site "Moscow RUS"]
[Date "2016.02.04"]
[Round "6.38"]
[White "Zhu, Yi"]
[Black "Dvalishvili, Pavel S."]
[Result "1/2-1/2"]
[WhiteTitle "FM"]
[BlackTitle "IM"]
[WhiteElo "2295"]
[BlackElo "2445"]
[WhiteFideId "8607435"]
[BlackFideId "4121996"]
[EventDate "2016.01.30"]

1. d4 Nf6 2. c4 e6 3. Nc3 Bb4 4. Nf3 c5 5. g3 Ne4 6. Bd2 Nxd2 7. Qxd2 cxd4 8.
Nxd4 O-O 9. Bg2 Qc7 10. a3 Be7 11. Rc1 Nc6 12. Ncb5 Qb8 13. c5 Bf6 14. b4 a5 15.
O-O axb4 16. axb4 Ra4 17. Nc2 b6 18. Nc3 Ra7 19. Ne4 Be7 20. Nd4 Nxd4 21. Qxd4
Ra4 22. Rb1 bxc5 23. Nxc5 Bxc5 24. Qxc5 d6 25. Qd4 d5 26. Rfc1 Bb7 27. Qc5 Ra2
28. Bf1 Rc8 29. Qe7 Rac2 30. Rxc2 Rxc2 31. e3 h6 32. b5 Qc8 33. Qb4 e5 34. Bg2
Rc1+ 35. Bf1 Rc2 36. Bg2 Rc1+ 37. Bf1 Rc2 1/2-1/2

[Event "Moscow Open A 2016"]
[Site "Moscow RUS"]
[Date "2016.02.04"]
[Round "6.39"]
[White "Ajrapetian, Gevorg"]
[Black "Drygalov, Sergey"]
[Result "0-1"]
[WhiteTitle "IM"]
[WhiteElo "2442"]
[BlackElo "2356"]
[WhiteFideId "4174232"]
[BlackFideId "24171743"]
[EventDate "2016.01.30"]

1. e4 e5 2. Nf3 Nc6 3. Bc4 Bc5 4. c3 Nf6 5. d3 a6 6. Nbd2 d6 7. a4 O-O 8. O-O
Ba7 9. h3 Ne7 10. Re1 Ng6 11. Nf1 b5 12. Bb3 Nh5 13. axb5 axb5 14. Be3 Bxe3 15.
Rxa8 Bb6 16. d4 Qf6 17. Ne3 Nhf4 18. Kh2 c6 19. g3 Nd3 20. Qxd3 Qxf3 21. Qe2
Qxe2 22. Rxe2 exd4 23. cxd4 Bxd4 24. f4 Ne7 25. Nd1 g6 26. Rd2 Bc5 27. Nf2 Be3
28. Re2 Bd4 29. Ba2 c5 30. Ra7 Re8 31. Ng4 c4 32. Ra5 h5 33. Ne3 Bd7 34. Ra6 Bc5
35. Bb1 Kg7 36. Re1 Nc6 37. Nd5 Nd4 38. Kg2 Bc6 39. Kf1 b4 40. Ra5 Nb3 41. Rxc5
dxc5 42. Rd1 Rd8 43. Ba2 f5 44. Ke2 fxe4 45. Ne3 Rd3 46. Nxc4 Nd4+ 47. Ke1 Rxg3
48. Ne5 Rg1+ 49. Kd2 e3+ 50. Kc1 Ne2+ 51. Kc2 Be4+ 0-1

[Event "Moscow Open A 2016"]
[Site "Moscow RUS"]
[Date "2016.02.04"]
[Round "6.40"]
[White "Vasilyev, Vasily"]
[Black "Harutjunyan, Gevorg"]
[Result "0-1"]
[WhiteTitle "FM"]
[BlackTitle "GM"]
[WhiteElo "2284"]
[BlackElo "2436"]
[WhiteFideId "24102180"]
[BlackFideId "13300873"]
[EventDate "2016.01.30"]

1. d4 Nf6 2. c4 g6 3. Nc3 Bg7 4. e4 d6 5. Be2 O-O 6. Nf3 Na6 7. Be3 c6 8. O-O e5
9. d5 Ng4 10. Bg5 f6 11. Bh4 c5 12. Ne1 h5 13. a3 Nh6 14. f3 Nf7 15. Nd3 Bh6 16.
Bf2 f5 17. b4 b6 18. bxc5 bxc5 19. Rb1 Qe7 20. Rb2 f4 21. Qa4 g5 22. Rfb1 Nd8
23. Qa5 Kh8 24. Na4 g4 25. fxg4 hxg4 26. Bxg4 Bxg4 27. Qxa6 Bc8 28. Qa5 Rg8 29.
Ne1 Nf7 30. h4 Qf6 31. Kf1 Qg6 32. Qc7 Ba6 33. Rc1 f3 34. Rc3 fxg2+ 35. Kg1 Bf4
36. Nf3 Bc8 37. Re2 Bg4 38. Re1 Rg7 39. Qc6 Rag8 40. Nh2 Nh6 41. Rd3 Bd7 0-1

[Event "Moscow Open A 2016"]
[Site "Moscow RUS"]
[Date "2016.02.04"]
[Round "6.41"]
[White "Sarana, Alexey"]
[Black "Kozlitin, Roman"]
[Result "1-0"]
[BlackTitle "FM"]
[WhiteElo "2435"]
[BlackElo "2355"]
[WhiteFideId "24133795"]
[BlackFideId "4142845"]
[EventDate "2016.01.30"]

1. d4 Nf6 2. Nf3 c5 3. d5 b5 4. Bg5 Ne4 5. Bf4 Qa5+ 6. Nbd2 Bb7 7. a4 Bxd5 8.
axb5 Qb6 9. e3 Nf6 10. Bd3 e6 11. O-O Be7 12. e4 c4 13. Nxc4 Bxc4 14. Bxc4 d6
15. e5 dxe5 16. Nxe5 Nbd7 17. Ra6 Qb7 18. Nxf7 Kxf7 19. Rxe6 Kf8 20. Bd6 Re8 21.
Rfe1 1-0

[Event "Moscow Open A 2016"]
[Site "Moscow RUS"]
[Date "2016.02.04"]
[Round "6.42"]
[White "Savitskiy, Sergey"]
[Black "Murtazin, Bulat"]
[Result "1-0"]
[WhiteTitle "FM"]
[BlackTitle "FM"]
[WhiteElo "2405"]
[BlackElo "2336"]
[WhiteFideId "24105660"]
[BlackFideId "24151351"]
[EventDate "2016.01.30"]

1. e4 e5 2. Nf3 Nc6 3. Bb5 Nf6 4. d3 Bc5 5. O-O Nd4 6. Nxd4 Bxd4 7. c3 Bb6 8.
Qf3 c6 9. Ba4 O-O 10. Bg5 h6 11. Bxf6 Qxf6 12. Qxf6 gxf6 13. Kh1 d5 14. f4 Bg4
15. fxe5 fxe5 16. Nd2 Be2 17. Rfe1 Bxd3 18. exd5 f6 19. dxc6 bxc6 20. Bxc6 Rad8
21. Nf3 Bf2 22. Red1 e4 23. Nd4 Kf7 24. b4 Rd6 25. b5 Kg6 26. Ne2 f5 27. Nf4+
Kg7 28. Nxd3 exd3 29. c4 d2 30. Bd5 Be3 31. a4 Rb8 32. Ra3 Re8 33. g3 Bc5 34.
Raa1 Bb4 35. Kg2 a5 36. Kf2 f4 37. g4 Re3 38. Ra2 Rh3 39. Kg2 Rd3 40. Rc2 h5 41.
gxh5 Kh6 42. Bf3 Bc5 43. Be4 Re3 44. Bd5 Rd7 45. Rcxd2 f3+ 46. Kh1 Re2 47. Rxe2
fxe2 48. Re1 Rg7 49. Bg2 Rg4 50. Rxe2 Rxc4 51. Re6+ Kg5 52. Bf1 Rc1 53. Kg2 Rc2+
54. Re2 Rc1 55. h6 Kxh6 56. b6 Kg7 57. Re6 Rc2+ 58. Kh3 Bg1 59. b7 Rxh2+ 60. Kg4
Rh8 61. Kg5 Rb8 62. Re7+ Kh8 63. Bc4 Bd4 64. Kg6 Bg7 65. Rc7 1-0

[Event "Moscow Open A 2016"]
[Site "Moscow RUS"]
[Date "2016.02.04"]
[Round "6.43"]
[White "Naumkin, Igor"]
[Black "Sargsyan, Shant"]
[Result "1-0"]
[WhiteTitle "GM"]
[BlackTitle "CM"]
[WhiteElo "2403"]
[BlackElo "2336"]
[WhiteFideId "4101715"]
[BlackFideId "13306766"]
[EventDate "2016.01.30"]

1. d4 Nf6 2. c4 e6 3. Nf3 b6 4. g3 Ba6 5. b3 Bb4+ 6. Bd2 Be7 7. Bg2 c6 8. Bc3 d5
9. Nbd2 Nbd7 10. O-O O-O 11. Qc2 Rc8 12. e4 b5 13. e5 Ne8 14. c5 b4 15. Bxb4
Bxf1 16. Nxf1 a5 17. Bd2 Ra8 18. Re1 Nc7 19. h4 f6 20. exf6 Bxf6 21. Bf4 Re8 22.
Bh3 Nf8 23. N1h2 Ng6 24. Bxc7 Qxc7 25. Rxe6 Rxe6 26. Bxe6+ Kh8 27. Ng4 Qe7 28.
Bf5 Nf8 29. Nfe5 g6 30. Nxf6 Qxf6 31. Bh3 Ne6 32. Nxc6 Ng5 33. hxg5 Qxc6 34. Qd2
Qe8 35. Qf4 Qe7 36. c6 Ra7 37. Bd7 Kg7 38. c7 1-0

[Event "Moscow Open A 2016"]
[Site "Moscow RUS"]
[Date "2016.02.04"]
[Round "6.44"]
[White "Vorontsov, Pavlo"]
[Black "Mikhailov, Viacheslav"]
[Result "1-0"]
[WhiteTitle "IM"]
[BlackTitle "FM"]
[WhiteElo "2395"]
[BlackElo "2332"]
[WhiteFideId "14116367"]
[BlackFideId "4187369"]
[EventDate "2016.01.30"]

1. Nf3 Nf6 2. d4 e6 3. c4 b6 4. e3 Bb7 5. Bd3 Bb4+ 6. Nbd2 O-O 7. O-O d5 8. a3
Be7 9. b4 a5 10. b5 c5 11. bxc6 Bxc6 12. Bb2 Nbd7 13. cxd5 Bxd5 14. e4 Bb7 15.
Qe2 Rc8 16. Rfd1 Qc7 17. Nf1 Rfd8 18. Ng3 Nf8 19. Rac1 Qb8 20. d5 Rxc1 21. Rxc1
exd5 22. Nf5 Re8 23. Bb5 N6d7 24. Bxg7 Bxa3 25. Bb2 Bxb2 26. Qxb2 f6 27. Qd2
Rxe4 28. Qh6 Kf7 29. Qg7+ Ke8 30. Qxf6 1-0

[Event "Moscow Open A 2016"]
[Site "Moscow RUS"]
[Date "2016.02.04"]
[Round "6.45"]
[White "Linker, Mikhail"]
[Black "Petrosian, Davit G."]
[Result "0-1"]
[BlackTitle "GM"]
[WhiteElo "2241"]
[BlackElo "2394"]
[WhiteFideId "14101734"]
[BlackFideId "13301349"]
[EventDate "2016.01.30"]

1. d4 Nf6 2. Nf3 g6 3. g3 Bg7 4. Bg2 O-O 5. O-O d6 6. c4 Nc6 7. Nc3 Bf5 8. d5
Na5 9. Nd2 c5 10. e4 Bg4 11. Qc2 a6 12. h3 Bd7 13. b3 b5 14. Bb2 Rb8 15. Rab1 e5
16. Ne2 h5 17. f4 exf4 18. gxf4 Re8 19. Bc3 h4 20. Kh2 Qc7 21. Bf3 Bc8 22. Ng1
Re7 23. Qb2 Ne8 24. Bxg7 Nxg7 25. Qf6 Re8 26. Qxh4 Qe7 27. Qxe7 Rxe7 28. Ne2 f5
29. Ng3 bxc4 30. bxc4 Reb7 31. Rxb7 Rxb7 32. Rb1 Rxb1 33. Nxb1 Nxc4 34. Be2 Ne3
35. Nc3 fxe4 36. Ncxe4 Ne8 37. h4 Kg7 38. h5 Nxd5 39. hxg6 Nxf4 40. Nh5+ Nxh5
41. Bxh5 Be6 42. a3 Nf6 43. Nxf6 Kxf6 44. Kg3 Bf5 45. Be2 a5 46. Kf4 Bxg6 0-1

[Event "Moscow Open A 2016"]
[Site "Moscow RUS"]
[Date "2016.02.04"]
[Round "6.46"]
[White "Khanin, Semen"]
[Black "Sargissyan, Sargis"]
[Result "1/2-1/2"]
[WhiteTitle "IM"]
[BlackTitle "FM"]
[WhiteElo "2393"]
[BlackElo "2311"]
[WhiteFideId "4111990"]
[BlackFideId "13303210"]
[EventDate "2016.01.30"]

1. e4 e5 2. Nf3 Nc6 3. Bb5 Nf6 4. d3 Bc5 5. Bxc6 dxc6 6. Nbd2 O-O 7. Nc4 Nd7 8.
O-O Re8 9. Bd2 Bd6 10. Bc3 c5 11. a4 b6 12. g3 f6 13. Nh4 Nb8 14. Qh5 Nc6 15. f4
Be6 16. Ne3 Nd4 17. Bxd4 cxd4 18. Nef5 Qd7 19. fxe5 Bxe5 20. Nf3 g6 21. Nh6+ Kg7
22. Qh4 Rf8 23. Rf2 Qd6 24. Raf1 Rae8 25. Ng4 Bxg4 26. Qxg4 h5 27. Qh3 Qe6 28.
Kg2 Qxh3+ 29. Kxh3 a6 30. Nd2 Kf7 31. Kg2 Kg7 32. h3 Re7 33. Ra1 Re6 34. Nf3 Rd6
35. Raf1 Re8 36. Nh4 Rh8 37. Kf3 Rc6 38. Rg1 Kf7 39. Kg2 Re6 40. Nf3 Kg7 41.
Rgf1 Rf8 42. g4 hxg4 43. hxg4 Ree8 44. g5 fxg5 45. Nxg5 Rxf2+ 46. Rxf2 Kh6 47.
Nf3 Bf4 48. Ng1 Be3 49. Rf7 Re5 50. Ne2 Rc5 51. c3 dxc3 52. bxc3 g5 53. Kf3 Bd2
54. c4 Kg6 55. Rd7 Kf6 56. Nd4 Bf4 57. Nb3 Rc6 58. Rd5 Rd6 59. Rf5+ Kg6 60. d4
Rc6 61. c5 bxc5 62. Nxc5 Rd6 63. d5 Rb6 64. Ne6 Rb3+ 65. Kf2 Rb2+ 66. Kf1 Rb4
67. Nxf4+ gxf4 68. Rxf4 Kg5 69. Rf5+ Kg4 1/2-1/2

[Event "Moscow Open A 2016"]
[Site "Moscow RUS"]
[Date "2016.02.04"]
[Round "6.47"]
[White "Nesterov, Arseniy"]
[Black "Agmanov, Zhandos"]
[Result "1-0"]
[WhiteElo "2049"]
[BlackElo "2389"]
[WhiteFideId "24198455"]
[BlackFideId "13708309"]
[EventDate "2016.01.30"]

1. d4 Nf6 2. c4 e6 3. Nc3 Bb4 4. e3 d5 5. a3 Bxc3+ 6. bxc3 c5 7. cxd5 exd5 8.
Bd3 c4 9. Bc2 O-O 10. Ne2 Nc6 11. O-O b5 12. f3 Re8 13. Ng3 h5 14. Re1 h4 15.
Nf1 h3 16. Ng3 hxg2 17. e4 dxe4 18. fxe4 Ng4 19. Qd2 Qh4 20. Qxg2 Ne7 21. Bd2
Bd7 22. e5 Bc6 23. Be4 Rac8 24. h3 Nh6 25. Bxc6 Nxc6 26. Re4 Ng4 27. Rxg4 Qh7
28. Ne4 Kf8 29. Nd6 1-0

[Event "Moscow Open A 2016"]
[Site "Moscow RUS"]
[Date "2016.02.04"]
[Round "6.48"]
[White "Pirverdiyev, Agil"]
[Black "Meskovs, Nikita"]
[Result "0-1"]
[BlackTitle "IM"]
[WhiteElo "2311"]
[BlackElo "2515"]
[WhiteFideId "13400568"]
[BlackFideId "11602740"]
[EventDate "2016.01.30"]

1. e4 c5 2. Nf3 e6 3. d4 cxd4 4. Nxd4 Nc6 5. Nc3 Qc7 6. f4 a6 7. Be3 d6 8. Be2
Nf6 9. O-O Be7 10. Qe1 h5 11. Nxc6 bxc6 12. Qg3 g6 13. e5 Nd5 14. Nxd5 cxd5 15.
exd6 Bxd6 16. c4 h4 17. Qf2 dxc4 18. Bd4 Rh7 19. Rac1 Bb7 20. Rxc4 Qb8 21. Bc5
h3 22. g3 Bd5 23. Rb4 Qc7 24. Bxd6 Qxd6 25. Rb6 Qc7 26. Bxa6 Bxa2 27. Bb7 Rd8
28. b3 Rh5 29. Bf3 Ra5 30. Rc6 Qb8 31. Rc3 Bxb3 32. Rb1 Bc4 33. Rcc1 Qc7 34. Rb4
Bb5 35. Qb2 Qb6+ 36. Kh1 Ke7 37. Rb1 Rc8 38. Rd4 Qc5 39. Rbd1 Ra3 40. Be4 Re3 0-1

[Event "Moscow Open A 2016"]
[Site "Moscow RUS"]
[Date "2016.02.04"]
[Round "6.49"]
[White "Kharchenko, Boris"]
[Black "Zenin, Dmitri"]
[Result "1-0"]
[WhiteTitle "GM"]
[WhiteElo "2506"]
[BlackElo "2310"]
[WhiteFideId "14113210"]
[BlackFideId "4127897"]
[EventDate "2016.01.30"]

1. e4 e5 2. Nf3 Nc6 3. Bb5 a6 4. Ba4 Nf6 5. O-O Be7 6. Re1 b5 7. Bb3 d6 8. c3
O-O 9. h3 Nb8 10. d4 Nbd7 11. Nbd2 Bb7 12. a4 c5 13. d5 c4 14. Bc2 Nc5 15. Nf1
Re8 16. Ng3 Bf8 17. Nf5 g6 18. Nh6+ Bxh6 19. Bxh6 Nh5 20. Qd2 f6 21. Nh2 Qd7 22.
Be3 Nxa4 23. Bxa4 bxa4 24. Qc2 f5 25. f3 Nf4 26. Bxf4 exf4 27. Qd2 Re5 28. exf5
gxf5 29. Qxf4 Rae8 30. Red1 Bxd5 31. Nf1 Bf7 32. Kh2 R8e7 33. Ng3 d5 34. Qg5+
Bg6 35. f4 Re3 36. Nh5 Kh8 37. Nf6 1-0

[Event "Moscow Open A 2016"]
[Site "Moscow RUS"]
[Date "2016.02.04"]
[Round "6.50"]
[White "Makhmutov, Rail"]
[Black "Gurvich, Vitaly"]
[Result "1-0"]
[WhiteTitle "FM"]
[BlackTitle "FM"]
[WhiteElo "2459"]
[BlackElo "2308"]
[WhiteFideId "4122151"]
[BlackFideId "24164852"]
[EventDate "2016.01.30"]

1. d4 Nf6 2. Bg5 d5 3. Bxf6 exf6 4. e3 Bd6 5. c4 dxc4 6. Bxc4 O-O 7. Nc3 c6 8.
Nf3 Nd7 9. O-O f5 10. a3 Qe7 11. Qc2 Nf6 12. Rfd1 a6 13. g3 g6 14. Rac1 Bd7 15.
Bf1 Rad8 16. Bg2 Kg7 17. Nd2 Be6 18. Na4 h5 19. Nf3 Rfe8 20. b4 Bc8 21. Nc5 Nd5
22. Qb2 f6 23. Re1 Qf8 24. Rb1 b6 25. Nd3 Re7 26. Rec1 Bb7 27. a4 Rde8 28. Nh4
Qf7 29. a5 b5 30. Nc5 Bc8 31. Nxa6 g5 32. Rxc6 Rd8 33. Rxc8 1-0

[Event "Moscow Open A 2016"]
[Site "Moscow RUS"]
[Date "2016.02.04"]
[Round "6.51"]
[White "Usmanov, Vasily"]
[Black "Erzhanov, Arman"]
[Result "1/2-1/2"]
[WhiteTitle "IM"]
[BlackTitle "FM"]
[WhiteElo "2451"]
[BlackElo "2304"]
[WhiteFideId "4135741"]
[BlackFideId "4138821"]
[EventDate "2016.01.30"]

1. d4 Nf6 2. Nf3 e6 3. e3 b6 4. Bd3 Bb7 5. O-O Be7 6. c4 O-O 7. Nc3 d5 8. cxd5
exd5 9. b3 c5 10. Bb2 Nbd7 11. Rc1 Re8 12. Qe2 a6 13. Rfd1 b5 14. dxc5 Nxc5 15.
Bf5 Qa5 16. Bb1 b4 17. Qc2 Nce4 18. Nxe4 dxe4 19. Qc7 Qxc7 20. Rxc7 Rad8 21.
Rxd8 Rxd8 22. Nd4 Rd7 23. Rxd7 Nxd7 24. Nf5 Bf6 25. Bxf6 Nxf6 26. g4 h6 27. h4
Nxg4 28. Nd6 Bc6 29. Bxe4 Bxe4 30. Nxe4 Ne5 31. Nc5 a5 32. Kg2 Kf8 33. f4 Nc6
34. Kf3 Ke7 35. Ke4 Kd6 36. Nd3 g6 37. Nb2 Kc5 38. f5 Ne7 39. fxg6 fxg6 40. Ke5
Nf5 41. h5 Nh4 42. Nd3+ Kc6 43. hxg6 Nxg6+ 44. Kf6 Nf8 45. e4 Nd7+ 46. Kg6 h5
47. e5 Kd5 48. Kf5 h4 49. Nf4+ Kd4 50. e6 Nb6 51. Kg4 Nc8 52. Kxh4 Ke5 53. Kg4
Ne7 54. Kf3 Nf5 55. Kg4 Ne7 56. Kg3 Nc6 57. Kf3 Nd4+ 58. Ke3 Nf5+ 59. Kf3 Nd4+
60. Ke3 Nf5+ 61. Kd3 Kxf4 62. Kc4 Ke5 63. Kb5 Kxe6 64. Kxa5 Kd6 65. Kxb4 1/2-1/2

[Event "Moscow Open A 2016"]
[Site "Moscow RUS"]
[Date "2016.02.04"]
[Round "6.52"]
[White "Schekachikhin, Maksim"]
[Black "Martinez Ramirez, Lennis"]
[Result "1/2-1/2"]
[WhiteTitle "FM"]
[BlackTitle "FM"]
[WhiteElo "2285"]
[BlackElo "2410"]
[WhiteFideId "24177830"]
[BlackFideId "3509079"]
[EventDate "2016.01.30"]

1. d4 Nf6 2. c4 c5 3. d5 e6 4. Nc3 exd5 5. cxd5 d6 6. Nf3 g6 7. Nd2 Bg7 8. e4
O-O 9. Be2 Re8 10. O-O Nbd7 11. Qc2 a6 12. a4 Ne5 13. Rb1 Bg4 14. f3 Bd7 15. Re1
Nh5 16. Nc4 Qh4 17. Be3 Nxc4 18. Bxc4 f5 19. Bf2 Bd4 20. Rbd1 Qf6 21. a5 Re7 22.
Bxd4 cxd4 23. Ne2 fxe4 24. fxe4 Bg4 25. Rd2 Bxe2 26. Bxe2 Nf4 27. Bf1 Rf8 28. g3
d3 29. Qd1 Ne2+ 30. Rexe2 dxe2 31. Rxe2 Rc8 32. Bh3 Rc4 33. Be6+ Kg7 34. Kg2
Rec7 35. e5 dxe5 36. Rf2 Rd4 37. Qf1 Qd8 38. Qe2 Rxd5 39. Bxd5 Qxd5+ 40. Kh3 e4
41. Qe3 Rf7 42. Qc3+ Kh6 43. Qe3+ g5 44. Rxf7 Qe6+ 45. Kg2 Qxf7 46. Qxe4 Qb3 47.
Qe5 Qc2+ 48. Kh3 Qc8+ 49. g4 Qc6 50. Kg3 1/2-1/2

[Event "Moscow Open A 2016"]
[Site "Moscow RUS"]
[Date "2016.02.04"]
[Round "6.53"]
[White "Yogesh, Gautam"]
[Black "Bublei, Pavel"]
[Result "1/2-1/2"]
[BlackTitle "FM"]
[WhiteElo "2269"]
[BlackElo "2391"]
[WhiteFideId "5009324"]
[BlackFideId "24112593"]
[EventDate "2016.01.30"]

1. e4 c6 2. d4 d5 3. f3 dxe4 4. fxe4 e5 5. Nf3 exd4 6. Bc4 Nf6 7. O-O Nbd7 8. e5
Nd5 9. Bxd5 cxd5 10. Nbd2 Be7 11. Nb3 O-O 12. Nbxd4 Nc5 13. c3 Qd7 14. Bg5 Bxg5
15. Nxg5 Qc7 16. Qc2 g6 17. Rae1 Qe7 18. h4 h6 19. e6 f5 20. Nxf5 gxf5 21. Rxf5
Rxf5 22. Qxf5 hxg5 23. Qg6+ Qg7 24. Qe8+ Qf8 25. Qg6+ Qg7 26. Qe8+ Qf8 27. Qg6+
Qg7 1/2-1/2

[Event "Moscow Open A 2016"]
[Site "Moscow RUS"]
[Date "2016.02.04"]
[Round "6.54"]
[White "Vakhlamov, Igor L."]
[Black "Ovchinnikov, Vsevolod"]
[Result "1/2-1/2"]
[WhiteTitle "FM"]
[BlackTitle "FM"]
[WhiteElo "2390"]
[BlackElo "2248"]
[WhiteFideId "24126748"]
[BlackFideId "24176842"]
[EventDate "2016.01.30"]

1. e4 e6 2. d4 d5 3. Nc3 Bb4 4. exd5 exd5 5. Bd3 Nc6 6. a3 Be7 7. Nf3 Nf6 8. h3
Be6 9. O-O Nd7 10. Ne2 g5 11. Ng3 h5 12. Nf5 Bf6 13. Re1 g4 14. hxg4 hxg4 15.
Nh2 g3 16. Nxg3 Bxd4 17. Nf3 Bf6 18. c4 Nc5 19. cxd5 Qxd5 20. Be4 Qxd1 21. Rxd1
Ne5 22. Ng5 Bb3 23. Re1 O-O-O 24. Bf5+ Kb8 25. Be3 Ncd3 26. Re2 Nc6 27. Bxd3
Rxd3 28. N5e4 Bd4 29. Nf5 Bxe3 30. Rxe3 Rxe3 31. Nxe3 b6 32. g4 1/2-1/2

[Event "Moscow Open A 2016"]
[Site "Moscow RUS"]
[Date "2016.02.04"]
[Round "6.55"]
[White "Babarykin, Stanislav"]
[Black "Galaktionov, Artem"]
[Result "1-0"]
[WhiteTitle "FM"]
[WhiteElo "2384"]
[BlackElo "2285"]
[WhiteFideId "4101898"]
[BlackFideId "24175471"]
[EventDate "2016.01.30"]

1. e4 c6 2. d4 d5 3. Nc3 dxe4 4. Nxe4 Bf5 5. Ng3 Bg6 6. Nf3 Nd7 7. h4 h6 8. h5
Bh7 9. Bd3 Bxd3 10. Qxd3 Ngf6 11. Bd2 e6 12. O-O-O Be7 13. Kb1 O-O 14. Ne4 Nxe4
15. Qxe4 Nf6 16. Qe2 Qd5 17. Be3 b5 18. Ne5 b4 19. g4 Ne4 20. Rhg1 Rfb8 21. f3
Ng5 22. f4 Ne4 23. Qc4 f6 24. Qxd5 cxd5 25. Ng6 Bd6 26. g5 Kh7 27. gxh6 gxh6 28.
f5 Re8 29. Bf4 e5 30. dxe5 fxe5 31. Bh2 Bc5 32. Rge1 Bd4 33. f6 Nxf6 34. Nxe5
Bb6 35. Rf1 Re6 36. Nd3 a5 37. Rf5 Rae8 38. Be5 Bd8 39. Rdf1 Rf8 40. Nc5 Rc6 41.
Nd7 Nxd7 42. Rxf8 Nxe5 43. Rxd8 Rc7 44. Rxd5 Nc4 45. Rfd1 Rc6 46. Rd7+ Kh8 47.
Re7 Rc8 48. Rdd7 a4 49. Rh7+ Kg8 50. Rdg7+ Kf8 51. Rc7 Rxc7 52. Rxc7 Ne3 53. Rb7
Nd5 54. Rb5 Nf4 55. Rf5+ 1-0

[Event "Moscow Open A 2016"]
[Site "Moscow RUS"]
[Date "2016.02.04"]
[Round "6.56"]
[White "Bykov, Oleg"]
[Black "Musaev, Rasul"]
[Result "1-0"]
[BlackTitle "FM"]
[WhiteElo "2227"]
[BlackElo "2379"]
[WhiteFideId "24198978"]
[BlackFideId "24146870"]
[EventDate "2016.01.30"]

1. d4 Nf6 2. c4 g6 3. Nc3 Bg7 4. e4 d6 5. Nf3 O-O 6. Be2 e5 7. O-O Nc6 8. d5 Ne7
9. Ne1 Ne8 10. Be3 f5 11. f3 f4 12. Bf2 h5 13. c5 g5 14. Rc1 Rf6 15. cxd6 cxd6
16. Nb5 a6 17. Nc7 Nxc7 18. Bb6 Rg6 19. Rxc7 Qe8 20. Nc2 g4 21. Qd3 Bf8 22. Rc1
Rg5 23. Ne1 Qg6 24. R1c2 gxf3 25. Bxf3 h4 26. Bf2 Qh6 27. Qd1 h3 28. Qc1 hxg2
29. Rxc8 Nxc8 30. Rxc8 Rxc8 31. Qxc8 Rg7 32. Bg4 Re7 33. Nf3 Qg7 34. Bb6 Qg6 35.
Bd8 Re8 36. Qd7 Kh8 37. Bf5 Qh5 38. Bf6+ Kg8 39. Be6+ 1-0

[Event "Moscow Open A 2016"]
[Site "Moscow RUS"]
[Date "2016.02.04"]
[Round "6.57"]
[White "Yeletsky, Ivan"]
[Black "Miroshnichenko, Pavel"]
[Result "1/2-1/2"]
[WhiteTitle "FM"]
[WhiteElo "2373"]
[BlackElo "2263"]
[WhiteFideId "24180327"]
[BlackFideId "4188659"]
[EventDate "2016.01.30"]

1. d4 Nf6 2. c4 e5 3. dxe5 Ng4 4. Bf4 g5 5. Bg3 Bg7 6. Nf3 Nc6 7. Nc3 Ngxe5 8.
Nxe5 Nxe5 9. e3 d6 10. h4 g4 11. h5 f5 12. c5 Be6 13. cxd6 O-O 14. h6 Bf6 15.
Nd5 cxd6 16. Nxf6+ Rxf6 17. Qd2 Qf8 18. Bf4 Rc8 19. Be2 Rc6 20. b3 Ng6 21. Bg5
Rf7 22. Bd3 Ne5 23. O-O Rfc7 24. Rad1 Qf7 25. Bf4 Rc8 26. e4 Nxd3 27. Qxd3 Re8
28. Rfe1 Rf8 29. exf5 Qxf5 30. Qd4 Rf6 31. Be3 Rc2 32. Rc1 Rxc1 33. Rxc1 Qe5 34.
Qxe5 dxe5 35. Rc5 Rf5 36. Rc7 Rf7 37. Rc3 a6 38. Kh2 Rd7 39. Kg3 Kf7 40. Rc8 Kg6
41. Rf8 Rc7 42. Rb8 Bc8 43. a4 Kf5 44. b4 Rc4 45. Bc5 Rc3+ 46. Kh4 Be6 47. Rxb7
g3 48. Rxh7 Rxc5 49. Kxg3 Rc8 50. Ra7 Bc4 51. h7 Rh8 52. Rc7 Bd3 53. Rd7 Be2 54.
Ra7 Bd3 55. Rd7 Be2 56. f3 Ke6 57. Ra7 Bd3 58. Rb7 Rxh7 59. Rxh7 Bxh7 60. f4 Bc2
61. b5 a5 62. b6 Be4 63. fxe5 Kxe5 64. Kf2 Kd4 65. g4 Kc5 66. Ke3 Bd5 67. Kd3 1/2-1/2

[Event "Moscow Open A 2016"]
[Site "Moscow RUS"]
[Date "2016.02.04"]
[Round "6.58"]
[White "Vdovin, Vadim"]
[Black "Mkrtchyan, Sargis R."]
[Result "0-1"]
[WhiteTitle "FM"]
[WhiteElo "2361"]
[BlackElo "2214"]
[WhiteFideId "24107158"]
[BlackFideId "13307878"]
[EventDate "2016.01.30"]

1. e4 e5 2. Nf3 Nc6 3. Bb5 f5 4. Nc3 fxe4 5. Nxe4 d5 6. Nxe5 dxe4 7. Nxc6 Qg5 8.
Qe2 Nf6 9. Nxa7+ Bd7 10. Bxd7+ Nxd7 11. f4 Qc5 12. Nb5 O-O-O 13. Nc3 Nf6 14. b4
Qd4 15. Bb2 Bxb4 16. O-O-O Rhe8 17. Rhe1 Qd6 18. g3 Qc6 19. Nb5 Qc5 20. c3 Rd3
21. Nd4 Rxd4 22. Kb1 Ba3 23. Bxa3 Qxa3 24. cxd4 Qb4+ 25. Kc2 Re6 26. Qe3 Rc6+
27. Qc3 Nd5 28. Qxc6 bxc6 29. Rb1 Qxd4 0-1

[Event "Moscow Open A 2016"]
[Site "Moscow RUS"]
[Date "2016.02.04"]
[Round "6.59"]
[White "Drygalov, Andrey"]
[Black "Tran, Minh Thang"]
[Result "0-1"]
[BlackTitle "FM"]
[WhiteElo "2352"]
[BlackElo "2156"]
[WhiteFideId "24171735"]
[BlackFideId "12401080"]
[EventDate "2016.01.30"]

1. e4 e6 2. d4 d5 3. Nd2 c5 4. exd5 Qxd5 5. Ngf3 cxd4 6. Bc4 Qd6 7. O-O Nf6 8.
Nb3 Nc6 9. Nbxd4 Nxd4 10. Nxd4 Bd7 11. c3 Qc7 12. Bb3 Bd6 13. h3 O-O 14. Qe2 a6
15. Bg5 Bh2+ 16. Kh1 Bf4 17. Bxf6 gxf6 18. Bc2 Kh8 19. Qh5 f5 20. Rad1 Rg8 21.
Nxf5 Bc6 22. Nh4 f5 23. Qe2 Qe7 24. Ba4 Bxa4 25. Rd4 Qxh4 26. Rxa4 Rxg2 0-1